00669nam a22002537a 4500003000500000005001700005008004100022010001100063011001100074020001500085035001100100040000900111082001800120100002200138245004800160260003800208300001100246490002000257534007300277650001300350650001900363650001300382830002000395CHAP20220329143738.0110525s1975 es r 00010 spa d a101302 a102274 a8401460360 a112962 cCHAP04a303.323bAl791 aAltavilla, Enrico10aProceso a la familiac/por Enrico Altavilla aBarcelona :bPlaza & Janes,c1975 a311 p. 0aManantialv; 16 pTít. original :tProcesso alla famiglia.cMilano : Rizzoli, c1971.14aFamilia.14aIntegración.14aValores. 0aManantialv; 16